✡️ Curb Your Enthusiasm: Restaurant Dialogue E10 S3 Quiz Stats

 Plays Quiz not verified by Sporcle

Challenge
Share
Tweet
Embed
Score 0/95 Timer 05:00
0 Plays Today
% Correct
F***
95.7%
F***
95.7%
F***
95.7%
F***
95.7%
F***
95.7%
a
93%
a
93%
and
93%
a
93%
C***
84.9%
S***
84.9%
S***
84.9%
C***.
84.9%
C**k!
84.4%
C**k!
84.4%
C**k!
84.4%
C**k
84.4%
C**k
84.4%
I
78%
I
78%
I
78%
You
77.4%
you
77.4%
you,
77.4%
B****
75.3%
B**ch
75.3%
Mother
72.6%
Mother
72.6%
F***ing
68.8%
F***ing
68.8%
F***ing
68.8%
F***ing
68.8%
% Correct
O
68.8%
car
62.4%
wash
61.8%
B***s
58.1%
B***s
58.1%
F***er
50.5%
A**hole
50%
of
48.9%
E
48.9%
E
48.9%
Wh***
47.3%
Wh***
47.3%
do
46.8%
Son
45.7%
had
45.7%
P**s
43%
P**s
43%
appointment!
41.9%
P***y
41.9%
Goddamn
40.9%
to
40.3%
C***sucker
38.2%
D***
37.6%
dental
37.6%
something
36.6%
Sucking
36%
for
36%
Grandma
34.9%
that.
34.4%
like
33.9%
one
33.3%
day
31.7%
% Correct
Scum
29.6%
Boy
28.5%
Girl
28.5%
Maybe
28%
F**t
28%
C**p
28%
T**s
28%
B***er
27.4%
somebody
26.9%
good
26.3%
Hell
25.8%
chance
25.3%
get
24.7%
I'll
24.7%
Rim
24.7%
Job
24.2%
J**m
23.1%
Pig
23.1%
T**d
21%
Cunnilingus
19.4%
it
18.3%
Kissing
17.7%
French
17.2%
Fellatio
16.7%
S***face
12.9%
Bum
12.9%
F***head
11.3%
Putz.
9.7%
Schmuck.
8.1%
Right.
5.4%
Tuchuslecker
2.7%

You're not logged in!

Compare scores with friends on all Sporcle quizzes.
OR
Log In

You Might Also Like...

Show Comments

Extras

Top Quizzes Today


Score Distribution

Your Account Isn't Verified!

In order to create a playlist on Sporcle, you need to verify the email address you used during registration. Go to your Sporcle Settings to finish the process.

Report this User

Report this user for behavior that violates our Community Guidelines.

Details: